| 000 -LEADER | |
|---|---|
| fixed length control field | 00416nam a22001697a 4500 |
| 005 - DATE AND TIME OF LATEST TRANSACTION | |
| control field | 20180220165700.0 |
| 008 - FIXED-LENGTH DATA ELEMENTS--GENERAL INFORMATION | |
| fixed length control field | 160615b xxu||||| |||| 00| 0 eng d |
| 020 ## - INTERNATIONAL STANDARD BOOK NUMBER | |
| ISBN | 81-259-0529-4 |
| 041 ## - LANGUAGE CODE | |
| Language code of text/sound track or separate title | eng |
| 082 ## - DEWEY DECIMAL CLASSIFICATION NUMBER | |
| Item number | 7629 |
| Classification number | 158.2 |
| 100 ## - MAIN ENTRY--AUTHOR NAME | |
| Personal name | SALUJA,MADAN |
| 245 ## - TITLE STATEMENT | |
| Title | HUMAN RELATION |
| 260 ## - PUBLICATION, DISTRIBUTION, ETC. (IMPRINT) | |
| Place of publication | New Delhi |
| Name of publisher | Vikas Publishing House (P) Ltd. |
| Year of publication | 2002 |
| 300 ## - PHYSICAL DESCRIPTION | |
| Number of Pages | 182 |
| 650 ## - SUBJECT ADDED ENTRY--TOPICAL TERM | |
| Topical Term | Management |
| 942 ## - ADDED ENTRY ELEMENTS (KOHA) | |
| Koha item type | Books |
| Lost status | Damaged status | Collection code | Home library | Current library | Shelving location | Date acquired | Cost, normal purchase price | Full call number | Accession Number | Koha item type |
|---|---|---|---|---|---|---|---|---|---|---|
| MANAGEMENT | JRU Library | JRU Library | SHELF-63-G | 15/06/2016 | 150.00 | 158.2 | 7629 | Books | ||
| LIFE SKILL | JRU Library | JRU Library | SHELF-47-C | 15/06/2016 | 150.00 | 158.2 | 7630 | Books | ||
| MANAGEMENT | JRU Library | JRU Library | SHELF-29-C | 15/06/2016 | 150.00 | 158.2 | 7631 | Books | ||
| MANAGEMENT | JRU Library | JRU Library | SHELF-63-G | 15/06/2016 | 150.00 | 158.2 | 7632 | Books | ||
| Reference | JRU Library | SHELF-28-E | 15/06/2016 | 150.00 | 158.2 | 7633 | Books | |||
| MANAGEMENT | JRU Library | JRU Library | SHELF-63-G | 15/06/2016 | 150.00 | 158.2 | 7634 | Books |